| 000 | 00655nam a22001577a 4500 | ||
|---|---|---|---|
| 003 | OSt | ||
| 005 | 20151117135102.0 | ||
| 008 | 151117b xxu||||| |||| 00| 0 eng d | ||
| 040 | _cRUA | ||
| 082 | _aFIS ហួត 1990 B144 Or.1 | ||
| 100 |
_93777 _aហួត ខៀវ |
||
| 245 | _aគំរោងធ្វើអោយប្រសើរនូវលក្ខខ័ំ្ឌចរាចរនៃជលយាននៅទន្លេមេគង្គក្រោមចាប់ពីភូមិធ្មារគររហូតដល់ភូមិកោះតូច | ||
| 260 |
_aPhnom Penh _bRUA _c1990 |
||
| 300 |
_a146p. _bill. _c29cm. |
||
| 942 |
_2ddc _cFIS |
||
| 999 |
_c3514 _d3514 |
||